000 00746nam a2200193 a 4500
003 0
005 20250314105502.0
008 080923s19uu xx 00 eng d
050 _aPHS HQ 755.8
_b.R175 2008
100 _aRamos, Krischan Hope C.
245 _aThe Impact of parental absence on the emotional state of selected upper school students /
_cKrischan Hope C. Ramos.
260 _aLas PiƱas City, Philippines :
_bSouthville International School and Colleges,
_c2008.
300 _a38 pages ;
_c28 cm.
504 _aIncludes bibliographical references.
650 _aParental absence
_xPsychological aspects.
650 _aChildren of single parents
_xPsychology.
650 _aEmotional intelligence in adolescence.
942 _2lcc
_cPASS
999 _c98112
_d98112